Datum a čas kvízu

34 Celkem bodů Celkový počet nahraných bodů na tomto kvízu bez doplňovacích otázek.
5. Pořadí na kvízu Konečné umístění týmu na tomto kvízu.

Zaznamenané odpovědi

# Otázka Odpověď Body Výsledky
1. Jak se jmenuje hejtman, který... Jan Krkoška, Moravskoslezský kraj 0
2. Ve středu byl zveřejněn žebříč... Finsko 0
3. Ve středu začal v pražské Luce... Jeden svět 0
4. V minulém týdnu probíhal v Brn... Amper 1
5. V pondělí byla představena kol... z (křišťálového) skla 1
6. Toto literární téma vyhrálo mi... Malý princ 0
7. Děj knihy se odehrává během tř... Kdo chytá v žitě, J. D. Salinger 0.5
8. Přiřaďte klasická díla ruské l... 1D 2B 3C 4A 1
9. Jedna z nejprodávanějších knih... Anne Frank 0
10. Na závěr se zaměříme na novějš... Hvězdy nám nepřály 0